<?xml version="1.0" encoding="UTF-8"?>
<record
    xmlns:xsi="http://www.w3.org/2001/XMLSchema-instance"
    xsi:schemaLocation="http://www.loc.gov/MARC21/slim http://www.loc.gov/standards/marcxml/schema/MARC21slim.xsd"
    xmlns="http://www.loc.gov/MARC21/slim">

  <leader>03034cam a22004574i 4500</leader>
  <controlfield tag="003">PE-LiUPU</controlfield>
  <controlfield tag="005">20250731165416.0</controlfield>
  <controlfield tag="008">151202s2005    pe     grm    000 0 spa d</controlfield>
  <datafield tag="035" ind1=" " ind2=" ">
    <subfield code="a">(Sirsi) a155382</subfield>
  </datafield>
  <datafield tag="040" ind1=" " ind2=" ">
    <subfield code="a">PE-LiUPU</subfield>
    <subfield code="b">spa</subfield>
    <subfield code="c">PE-LiUPU</subfield>
    <subfield code="e">rda</subfield>
  </datafield>
  <datafield tag="099" ind1=" " ind2=" ">
    <subfield code="a">SP 3</subfield>
    <subfield code="b">Q69 2005</subfield>
  </datafield>
  <datafield tag="100" ind1="1" ind2=" ">
    <subfield code="a">Quinteros Z&#xFA;&#xF1;iga, Rolando Francisco</subfield>
    <subfield code="e">autor</subfield>
  </datafield>
  <datafield tag="245" ind1="1" ind2=" ">
    <subfield code="a">Influencia de un programa de promoci&#xF3;n de habilidades sociales como medida de prevenci&#xF3;n primaria de la depresi&#xF3;n en adolescentes tempranos, Lima, 2005 /</subfield>
    <subfield code="c">Rolando Francisco Quinteros Z&#xFA;&#xF1;iga.</subfield>
  </datafield>
  <datafield tag="264" ind1=" " ind2="0">
    <subfield code="c">2005.</subfield>
  </datafield>
  <datafield tag="300" ind1=" " ind2=" ">
    <subfield code="a">66 hojas </subfield>
    <subfield code="c">30 cm</subfield>
  </datafield>
  <datafield tag="336" ind1=" " ind2=" ">
    <subfield code="a">text</subfield>
    <subfield code="2">rdacontent</subfield>
  </datafield>
  <datafield tag="337" ind1=" " ind2=" ">
    <subfield code="a">unmediated</subfield>
    <subfield code="2">rdamedia</subfield>
  </datafield>
  <datafield tag="338" ind1=" " ind2=" ">
    <subfield code="a">volume</subfield>
    <subfield code="2">rdacarrier</subfield>
  </datafield>
  <datafield tag="502" ind1=" " ind2=" ">
    <subfield code="a">Tesis</subfield>
    <subfield code="b">(Mg.) -- </subfield>
    <subfield code="c">Universidad Peruana Uni&#xF3;n,</subfield>
    <subfield code="d">2005.</subfield>
  </datafield>
  <datafield tag="504" ind1=" " ind2=" ">
    <subfield code="a">Incluye referencias</subfield>
  </datafield>
  <datafield tag="520" ind1="3" ind2=" ">
    <subfield code="a">El objetivo de este trabajo de intervenci&#xF3;n fue desarrollar un programa de habilidades sociales para los adolescentes tempranos del colegio "Los Portales del Saber" de Vitarte, con el fin de fortalecer las aptitudes y destrezas personales de los participantes y prevenir indirectamente problemas de salud mental, tales como la depresi&#xF3;n. La investigaci&#xF3;n no experimental incluy&#xF3; tres etapas de intervenci&#xF3;n. Una primera etapa para el diagn&#xF3;stico situacional de la poblaci&#xF3;n, recopilando desde datos generales hasta espec&#xED;ficos, esto gracias a entrevistas, cuestionarios y test. Una segunda etapa correspondi&#xF3; a la ejecuci&#xF3;n del programa, el cual proyect&#xF3; 6 sesiones de una hora para los menores y de 30 minutos para los docentes; esto durante seis d&#xED;as. En la tercera etapa se evalu&#xF3; a los docentes y alumnos participantes a trav&#xE9;s de pruebas seleccionadas, las mismas que fueron comparadas con los datos iniciales. Se logr&#xF3; entrenar al 92% de los adolescentes tempranos del CEGNE Portales del Saber de Vitarte, los cuales mejoraron en un 22.5% sus habilidades para solucionar conflictos, al proponer mayor n&#xFA;mero de alternativas a las situaciones propuestas. A la misma vez, la poblaci&#xF3;n en estudio mejor&#xF3; en su habilidad para comunicarse asertivamente en un 12.5%. En cuanto a la autoestima, esta fue mejorada en un 17% de participantes. Finalmente, la participaci&#xF3;n voluntaria de los docentes fue en un 60% quienes fueron capacitados en temas de: promoci&#xF3;n de la asertividad, c&#xF3;mo fortalecer la autoestima de los alumnos y ayudando a solucionar conflictos de los adolescentes.</subfield>
  </datafield>
  <datafield tag="526" ind1=" " ind2=" ">
    <subfield code="a">SEG44</subfield>
  </datafield>
  <datafield tag="526" ind1=" " ind2=" ">
    <subfield code="a">SEG26</subfield>
  </datafield>
  <datafield tag="526" ind1=" " ind2=" ">
    <subfield code="a">P151</subfield>
  </datafield>
  <datafield tag="526" ind1=" " ind2=" ">
    <subfield code="a">P150</subfield>
  </datafield>
  <datafield tag="526" ind1=" " ind2=" ">
    <subfield code="a">P149</subfield>
  </datafield>
  <datafield tag="526" ind1=" " ind2=" ">
    <subfield code="a">P146</subfield>
  </datafield>
  <datafield tag="526" ind1=" " ind2=" ">
    <subfield code="a">P145</subfield>
  </datafield>
  <datafield tag="526" ind1=" " ind2=" ">
    <subfield code="a">P126</subfield>
  </datafield>
  <datafield tag="526" ind1=" " ind2=" ">
    <subfield code="a">P125</subfield>
  </datafield>
  <datafield tag="526" ind1=" " ind2=" ">
    <subfield code="a">P92</subfield>
  </datafield>
  <datafield tag="526" ind1=" " ind2=" ">
    <subfield code="a">P75</subfield>
  </datafield>
  <datafield tag="526" ind1=" " ind2=" ">
    <subfield code="a">P74</subfield>
  </datafield>
  <datafield tag="526" ind1=" " ind2=" ">
    <subfield code="a">P27</subfield>
  </datafield>
  <datafield tag="526" ind1=" " ind2=" ">
    <subfield code="a">P15</subfield>
  </datafield>
  <datafield tag="650" ind1="0" ind2="4">
    <subfield code="a">Adolescentes</subfield>
    <subfield code="x">Depresi&#xF3;n.</subfield>
  </datafield>
  <datafield tag="650" ind1="0" ind2="4">
    <subfield code="a">Adolescentes</subfield>
    <subfield code="x">Habilidades sociales.</subfield>
  </datafield>
  <datafield tag="596" ind1=" " ind2=" ">
    <subfield code="a">1</subfield>
  </datafield>
  <datafield tag="942" ind1=" " ind2=" ">
    <subfield code="2">ddc</subfield>
    <subfield code="c">TESIS</subfield>
  </datafield>
  <datafield tag="999" ind1=" " ind2=" ">
    <subfield code="a">SP 3 Q69 2005</subfield>
    <subfield code="w">ALPHANUM</subfield>
    <subfield code="c">8066</subfield>
    <subfield code="i">T00453</subfield>
    <subfield code="l">CCODEBUL3</subfield>
    <subfield code="m">BUL</subfield>
    <subfield code="r">1</subfield>
    <subfield code="s">Y</subfield>
    <subfield code="t">TESIS</subfield>
    <subfield code="u">2015-12-2</subfield>
    <subfield code="x">POSGRADO</subfield>
    <subfield code="P">P82</subfield>
    <subfield code="o">.PUBLIC. Tesis</subfield>
    <subfield code="o">.STAFF. Tesis</subfield>
    <subfield code="d">8066</subfield>
  </datafield>
  <datafield tag="980" ind1=" " ind2=" ">
    <subfield code="8">1</subfield>
    <subfield code="g">ALBERTO SANCHEZ Responsable de Automatizaci&#xF3;n</subfield>
  </datafield>
  <datafield tag="952" ind1=" " ind2=" ">
    <subfield code="r">2022-07-06 00:00:00</subfield>
    <subfield code="l">0</subfield>
    <subfield code="o">SP 3 Q69 2005</subfield>
    <subfield code="p">T00453</subfield>
    <subfield code="t">e1</subfield>
    <subfield code="w">2015-12-02</subfield>
    <subfield code="x">PG</subfield>
    <subfield code="y">TESIS</subfield>
    <subfield code="z">Este &#xCD;tem NO se presta por ser Ejemplar #1.</subfield>
    <subfield code="1">0</subfield>
    <subfield code="2">ddc</subfield>
    <subfield code="7">1</subfield>
    <subfield code="8">TESIS</subfield>
    <subfield code="f">P82</subfield>
    <subfield code="a">BUL</subfield>
    <subfield code="b">BUL</subfield>
    <subfield code="c">TESIS</subfield>
    <subfield code="d">2015-12-02</subfield>
  </datafield>
</record>
